000
00298nam a22001337a 4500
008
170420b xxu||||| |||| 00| 0 eng d
020
_a
0697257738
041
_a
eng
080
_2
7TH
_a
573
100
_a
11
101
_a
SHM
245
_a
INTRODUCTORY PLANT BIOLOGY
_c
STERN, K.R
942
_2
udc
_c
BK
999
_c
11325
_d
11325